Catalog

Record Details

Catalog Search



LSD a jiné halucinogeny  Cover Image Book Book

LSD a jiné halucinogeny / Michal Miovský ; [ilustrace Hana Svobodová]

Miovský, Michal, 1975- (Author). Svobodová, Hana (Illustrator).

Record details

  • ISBN: 80-85834-35-9
  • Physical Description: 107 s., [2] s. barev il. : il. ; 21 cm
  • Publisher: Boskovice : Albert ; 1996

Content descriptions

General Note:
Pozn.
Bibliography, etc. Note:
Bibliogr.
Odkazy na lit.
Subject: halucinogeny > intoxikace
halucinogeny > užití
Genre: studie

Available copies

  • 2 of 2 copies available at Common Catalog SPOK.

Holds

  • 0 current holds with 2 total copies.
Show Only Available Copies
Location Call Number / Copy Notes Barcode Shelving Location Status Due Date
Jabok Library SPr-3.7.3.1 424480011425 Odborná literatura Available -
Jabok Library SPr-3.7.3.1 424480026663 Odborná literatura Available -

LDR 01176nam a2200361 a 4500
0016465
003CZ-PrJAB
00520160908111055.0
007tu
008960522s1996 xr af e 000 0 cze
015 . ‡acnb000118831
020 . ‡a80-85834-35-9 ‡q(brož.)
035 . ‡a(CZ PrNK)cpk19960118831
035 . ‡a(OCoLC)36508378
040 . ‡aABA001 ‡bcze
072 7. ‡a615.8 ‡xFyzioterapie. Psychoterapie. Alternativní lékařství ‡2Konspekt ‡914
080 . ‡a615.8 ‡2undef
080 . ‡a615.9 ‡2undef
080 . ‡a615.2 ‡2undef
1001 . ‡aMiovský, Michal, ‡d1975- ‡7xx0017463 ‡4aut
24510. ‡aLSD a jiné halucinogeny / ‡cMichal Miovský ; [ilustrace Hana Svobodová]
260 . ‡aBoskovice : ‡bAlbert ; ‡aBrno : ‡bSdružení Podané ruce, ‡c1996
300 . ‡a107 s., [2] s. barev il. : ‡bil. ; ‡c21 cm
500 . ‡aPozn.
504 . ‡aBibliogr.
504 . ‡aOdkazy na lit.
65007. ‡ahalucinogeny ‡7ph114651 ‡xintoxikace ‡2czenas
65007. ‡ahalucinogeny ‡7ph114651 ‡xužití ‡2czenas
6530 . ‡aLSD ‡amezkalin ‡apsilocybin ‡apsychoterapie
655 7. ‡astudie ‡7fd133597 ‡2czenas
7001 . ‡aSvobodová, Hana ‡4ill
910 . ‡aABG312
901 . ‡a6465 ‡bUnknown ‡c6465 ‡tbiblio

Additional Resources